000
00262nam a22001097a 4500
008
140207t xxu||||| |||| 00| 0 eng d
020
_a
0-7879-6056-X
100
_a
James M. Wood
_9
651
245
_a
What's Wrong with the Rorschach?
300
_a
446
942
_2
ddc
_c
BK
999
_c
16912
_d
16912